|
|
|
|
| LEADER |
00000nbm0a2200000 4500 |
| 001 |
128416 |
| 005 |
20231101220119.0 |
| 035 |
|
|
|a (RuTPU)RU\TPU\book\138910
|
| 090 |
|
|
|a 128416
|
| 100 |
|
|
|a 20071227d1973 k y0rusy50 ca
|
| 101 |
0 |
|
|a rus
|
| 102 |
|
|
|a RU
|
| 105 |
|
|
|a a m 001zy
|
| 200 |
1 |
|
|a Ориентационные эффекты рассеяния быстрых электронов в щелочногалоидных монокристаллах
|e Диссертация на соискание ученой степени кандидата физико-математических наук
|f А. Я. Бабудаев
|g Томский политехнический институт ; науч. рук. А. А. Воробьев , С. А. Воробьев
|
| 210 |
|
|
|a Томск
|d 1973
|
| 215 |
|
|
|a 141 л.
|c ил.
|
| 320 |
|
|
|a Библиогр.: с. 133-139 ( 142 назв.)
|
| 606 |
1 |
|
|a Щелочно-галоидные кристаллы
|x Электрические свойства
|2 stltpush
|3 (RuTPU)RU\TPU\subj\80375
|9 88100
|
| 610 |
1 |
|
|a быстрые электроны
|
| 610 |
1 |
|
|a рассеяние в кристаллах
|
| 610 |
1 |
|
|a взаимодействие
|
| 610 |
1 |
|
|a электронные пучки
|
| 610 |
1 |
|
|a спектрометры
|
| 610 |
1 |
|
|a кристаллическая решетка
|
| 610 |
1 |
|
|a монокристаллы
|
| 610 |
1 |
|
|a бета-частицы
|
| 610 |
1 |
|
|a экспериментальное исследование
|
| 610 |
1 |
|
|a диссертации
|
| 610 |
1 |
|
|a труды учёных ТПУ
|
| 675 |
|
|
|a 548.312(04)
|v 3
|
| 700 |
|
1 |
|a Бабудаев
|b А. Я.
|
| 702 |
|
1 |
|a Воробьев
|b А. А.
|g Александр Акимович
|4 727
|
| 702 |
|
1 |
|a Воробьев
|b А. А.
|c российский физик
|c ректор Томского политехнического института, профессор
|f 1909-1981
|g Александр Акимович
|2 stltpush
|3 (RuTPU)RU\TPU\pers\12805
|4 727
|
| 712 |
0 |
2 |
|a Томский политехнический институт
|z 1944-1991
|2 stltpush
|3 (RuTPU)RU\TPU\col\1123
|
| 801 |
|
1 |
|a RU
|b 63413507
|c 20071227
|g PSBO
|
| 801 |
|
2 |
|a RU
|b 63413507
|c 20200929
|g PSBO
|
| 942 |
|
|
|c BK
|